LEADER 01505nam 2200373 n 450 001 996390182903316 005 20221108094410.0 035 $a(CKB)1000000000655707 035 $a(EEBO)2240880691 035 $a(UnM)99837353 035 $a(EXLCZ)991000000000655707 100 $a19901003d1640 uy | 101 0 $aeng 135 $aurbn||||a|bb| 200 10$aVisions, or Hels kingdome, and the worlds follies and abuses, strangely displaied by R.C. of the Inner Temple Gent. Being the first fruits of a reformed life$b[electronic resource] 210 $aLondon $cPrinted by E.G[riffin] for Simon Burton at his shop next the Mitre Taverne, within Algate$d1640 215 $a[12], 187 [i.e. 209], [1] p 300 $aA translation, by Richard Croshawe, of: Quevedo, Francisco de. Suenòƒs. 300 $aPrinter's name from STC. 300 $aPage 209 is misnumbered 187. 300 $aReproduction of the original in the British Library. 330 $aeebo-0018 606 $aSatire, Spanish$vEarly works to 1800 615 0$aSatire, Spanish 700 $aQuevedo$b Francisco de$f1580-1645.$0154070 701 $aCroshawe$b Richard$01013804 801 0$bCu-RivES 801 1$bCu-RivES 801 2$bCStRLIN 801 2$bWaOLN 906 $aBOOK 912 $a996390182903316 996 $aVisions, or Hels kingdome, and the worlds follies and abuses, strangely displaied by R.C. of the Inner Temple Gent. Being the first fruits of a reformed life$92359385 997 $aUNISA LEADER 00917nam0 22002651i 450 001 RML0296477 005 20231121125739.0 010 $a0442237006 100 $a20121121d1987 ||||0itac50 ba 101 | $aeng 102 $aus 181 1$6z01$ai $bxxxe 182 1$6z01$an 200 1 $aTransducers for automation$fMichael F. Hordeski 210 $aNew York $cVan Nostrand Reinhold Company $d1987 215 $aXVI, 302 p.$d23 cm. 700 1$aHordeski$b, Michael F.$3RMLV191510$0477256 801 3$aIT$bIT-01$c20121121 850 $aIT-FR0099 899 $aBiblioteca Area Ingegneristica$bFR0099 912 $aRML0296477 950 0$aBiblioteca Area Ingegneristica$d 54DAE Fondo Ch.HOR$e 54VM 0000662425 VM barcode:BAIN002804. - Inventario:762AVM$fA $h20070209$i20121204 977 $a 54 996 $aTransducers for automation$93628979 997 $aUNICAS